Captain teddy bear / (Record no. 6718)

MARC details
000 -LEADER
fixed length control field 00739nam a22002657a 4500
001 - CONTROL NUMBER
control field 6718
003 - CONTROL NUMBER IDENTIFIER
control field FISKH
005 - DATE AND TIME OF LATEST TRANSACTION
control field 20250522114729.0
008 - FIXED-LENGTH DATA ELEMENTS--GENERAL INFORMATION
fixed length control field 250521b cb ||||| |||| 00| 0 eng d
020 ## - INTERNATIONAL STANDARD BOOK NUMBER
International Standard Book Number 9781841352930
040 ## - CATALOGING SOURCE
Original cataloging agency FISKH
Language of cataloging eng
Transcribing agency FISKH
Modifying agency FISKH
050 ## - LIBRARY OF CONGRESS CALL NUMBER
Classification number PZ7
082 ## - DEWEY DECIMAL CLASSIFICATION NUMBER
Classification number 823
100 ## - MAIN ENTRY--PERSONAL NAME
Personal name Brenner, Katharina
245 ## - TITLE STATEMENT
Title Captain teddy bear /
260 ## - PUBLICATION, DISTRIBUTION, ETC.
Place of publication, distribution, etc. London :
Name of publisher, distributor, etc. Award Publication,
Date of publication, distribution, etc. 2004.
300 ## - PHYSICAL DESCRIPTION
Extent 12 unnumbered pages :
Other physical details color illustrations ;
Dimensions 18 cm
505 ## - FORMATTED CONTENTS NOTE
Formatted contents note E<br/>
520 ## - SUMMARY, ETC.
Summary, etc. This indexed board book introduces children to new words and objects.
521 8# - TARGET AUDIENCE NOTE
Target audience note 160<br/>
Source Lexile estimate <br/>
521 8# - TARGET AUDIENCE NOTE
Target audience note E<br/>
Source Raz-Plus<br/>
650 ## - SUBJECT ADDED ENTRY--TOPICAL TERM
Topical term or geographic name entry element Teddy
Form subdivision Bear
942 ## - ADDED ENTRY ELEMENTS (KOHA)
Source of classification or shelving scheme Dewey Decimal Classification
Koha item type Books
Suppress in OPAC No
Holdings
Withdrawn status Lost status Source of classification or shelving scheme Damaged status Not for loan Collection Home library Current library Shelving location Date acquired Total Checkouts Full call number Barcode Date last seen Date last checked out Copy number Price effective from Koha item type
    Dewey Decimal Classification     Juvenile Fiction Footprints International School Library Network Toul Kork Campus Footprints International School Library Network Toul Kork Campus TK Primary Library Room(4th Floor), Bookcase 7, Shelves 57-60, Dark Green Books 05/22/2025 1 BRE 823 PZ7 FISBK07132 04/01/2026 03/02/2026 1 05/22/2025 Books
    Dewey Decimal Classification     Juvenile Fiction Footprints International School Library Network Toul Kork Campus Footprints International School Library Network Toul Kork Campus TK Primary Library Room(4th Floor), Bookcase 7, Shelves 57-60, Dark Green Books 08/21/2025   BRE 823 PZ7 FISTKP2A005 08/21/2025   2 08/21/2025 Books